<?xml version="1.0" encoding="UTF-8"?>
<record
    xmlns:xsi="http://www.w3.org/2001/XMLSchema-instance"
    xsi:schemaLocation="http://www.loc.gov/MARC21/slim http://www.loc.gov/standards/marcxml/schema/MARC21slim.xsd"
    xmlns="http://www.loc.gov/MARC21/slim">

  <leader>01586nam a22002537a 4500</leader>
  <controlfield tag="008">171007s1996        sp||||| |||| 00| 0 eng d</controlfield>
  <datafield tag="020" ind1=" " ind2=" ">
    <subfield code="a">8445317593</subfield>
  </datafield>
  <datafield tag="082" ind1="0" ind2="4">
    <subfield code="a">708</subfield>
    <subfield code="b">M931a</subfield>
  </datafield>
  <datafield tag="100" ind1="1" ind2=" ">
    <subfield code="a">Moure, Gloria.</subfield>
    <subfield code="9">6028</subfield>
  </datafield>
  <datafield tag="245" ind1="1" ind2="0">
    <subfield code="a">Ana Mendieta /</subfield>
    <subfield code="c">curadur&#xED;a por Gloria Moure.</subfield>
  </datafield>
  <datafield tag="250" ind1=" " ind2=" ">
    <subfield code="a">1a edici&#xF3;n.</subfield>
  </datafield>
  <datafield tag="260" ind1=" " ind2=" ">
    <subfield code="a">Santiago de Compostela, Espa&#xF1;a :</subfield>
    <subfield code="b">Centro Galego de Arte Contempor&#xE1;nea,</subfield>
    <subfield code="c">1996.</subfield>
  </datafield>
  <datafield tag="300" ind1=" " ind2=" ">
    <subfield code="a">275 p&#xE1;ginas :</subfield>
    <subfield code="b">ilustraciones en color.</subfield>
  </datafield>
  <datafield tag="500" ind1=" " ind2=" ">
    <subfield code="a">Cat&#xE1;logo publicado con motivo a la exposici&#xF3;n itinerante "Ana Mendieta", presentada en: -Centro Galego de Arte Contempor&#xE1;nea en Santiago de Compostela, del 23 de julio al 13 de octubre de 1996 -Kunsthalle D&#xFC;sseldorf, del 31 de octubre al 29 de diciembre de 1996 -Fundaci&#xF3; Antoni T&#xE0;pies en Barcelona, del 21 de enero al 30 de marzo de 1997 -Miami Art Museum of Dade County en Miami, de junio a agosto de 1997 -The Museum of Contemporary Art (MOCA) en Los Angeles, del 10 de agosto al 2 de noviembre de 1997.</subfield>
  </datafield>
  <datafield tag="505" ind1="0" ind2=" ">
    <subfield code="t">Ana Mendieta</subfield>
    <subfield code="r">Gloria Moure.</subfield>
    <subfield code="t">Ana Mendieta, autonomous body</subfield>
    <subfield code="r">Donald Kuspit.</subfield>
    <subfield code="t">From inscription to dissolution: an essay on consumption in the work of Ana Mendieta</subfield>
    <subfield code="r">Charles Merewether.</subfield>
    <subfield code="t">Ana Mendieta: identity and the Siluetas series</subfield>
    <subfield code="r">Mary Sabbatino.</subfield>
    <subfield code="t">Personal Writhigs</subfield>
    <subfield code="r">Ana Mendieta.</subfield>
    <subfield code="t">Childhood memories: religion, politics, art</subfield>
    <subfield code="r">Raquel&#xED;n Mendieta.</subfield>
  </datafield>
  <datafield tag="653" ind1="1" ind2="0">
    <subfield code="a">Arte contempor&#xE1;neo</subfield>
  </datafield>
  <datafield tag="653" ind1="1" ind2="0">
    <subfield code="a">Cat&#xE1;logo de exhibici&#xF3;n</subfield>
  </datafield>
  <datafield tag="653" ind1="1" ind2="0">
    <subfield code="a">Exhibici&#xF3;n itinerante</subfield>
  </datafield>
  <datafield tag="653" ind1="1" ind2="0">
    <subfield code="a">Arte - Cuba</subfield>
  </datafield>
  <datafield tag="653" ind1="1" ind2="0">
    <subfield code="a">Dibujo </subfield>
  </datafield>
  <datafield tag="653" ind1="1" ind2="0">
    <subfield code="a">Escultura</subfield>
  </datafield>
  <datafield tag="653" ind1="1" ind2="0">
    <subfield code="a">Performance</subfield>
  </datafield>
  <datafield tag="653" ind1="1" ind2="0">
    <subfield code="a">Arte rupestre</subfield>
  </datafield>
  <datafield tag="999" ind1=" " ind2=" ">
    <subfield code="c">1315</subfield>
    <subfield code="d">1315</subfield>
  </datafield>
  <datafield tag="952" ind1=" " ind2=" ">
    <subfield code="0">0</subfield>
    <subfield code="1">0</subfield>
    <subfield code="2">ddc</subfield>
    <subfield code="4">0</subfield>
    <subfield code="7">0</subfield>
    <subfield code="a">LV</subfield>
    <subfield code="b">LV</subfield>
    <subfield code="c">Monograf&#xED;as</subfield>
    <subfield code="d">2017-10-07</subfield>
    <subfield code="l">0</subfield>
    <subfield code="o">708 M931a</subfield>
    <subfield code="p">001053</subfield>
    <subfield code="r">2017-10-07 00:00:00</subfield>
    <subfield code="w">2017-10-07</subfield>
    <subfield code="y">01</subfield>
  </datafield>
</record>
